Tennis: men who won exactly three slams in Open Era - Statistics

General Stats
  • This quiz has been taken 114 times
    21 since last reset
  • The average score is 4 of 5
Answer Stats
Title years Answer % Correct
2012, 2013, & 2016 Andy Murray
100%
2014, 2015, & 2016 Stanislas Wawrinka
100%
1997, 2000, & 2001 Gustavo Kuerten
94%
1968, 1970, & 1975 Arthur Ashe
75%
1970, 1971, & 1973 Jan Kodes
69%
No matching quizzes found
Score Distribution
Percent of People with Each Score
Percentile by Number Answered
Your Score History
You have not taken this quiz since the last reset